[Event "4NCL Division 3"]
[Site "Daventry Court ENG"]
[Date "2015.05.04"]
[Round "11.239"]
[White "Balloglu, Piro"]
[Black "Patrick, David A"]
[Result "1/2-1/2"]
[WhiteElo "1690"]
[BlackElo "1876"]
[PlyCount "41"]
[EventDate "2015.05.04"]
[WhiteTeam "Hackney 2"]
[BlackTeam "Bradford DCA Knights B"]

1. e4 e6 2. d4 d5 3. exd5 exd5 4. Nf3 Bd6 5. Nc3 c6 6. h3 Bf5 7. Bd3 Bxd3 8.
Qxd3 Na6 9. O-O Ne7 10. Bg5 f6 11. Be3 Qd7 12. Rfe1 O-O-O 13. a3 g5 14. b4 g4
15. Nh4 gxh3 16. b5 hxg2 17. Bf4 Bxf4 18. bxa6 b6 19. Rxe7 Bh2+ 20. Kxh2 Qxe7
21. Rg1 1/2-1/2

[Event "4NCL Division 3"]
[Site "Daventry Court ENG"]
[Date "2015.05.04"]
[Round "11.99"]
[White "Johnson, Paul"]
[Black "Khalilov, Rauf"]
[Result "1-0"]
[WhiteElo "1892"]
[BlackElo "1600"]
[PlyCount "143"]
[EventDate "2015.05.04"]

1. d4 Nf6 2. e3 g6 3. c4 Bg7 4. Nc3 d6 5. Nf3 Nbd7 6. Be2 c5 7. O-O O-O 8. b3
b6 9. Bb2 Bb7 10. Qc2 a6 11. d5 Re8 12. Rad1 Qc7 13. e4 e5 14. Bc1 Rab8 15. Nh4
Bc8 16. a4 Nf8 17. Rd3 Qe7 18. Rg3 Nh5 19. Bxh5 Qxh4 20. Be2 Qe7 21. Bg4 Nd7
22. Be3 Nf6 23. Bxc8 Rexc8 24. Qd2 Nh5 25. Rh3 Nf4 26. Bxf4 exf4 27. Qxf4 Qf6
28. Qxf6 Bxf6 29. Re1 Re8 30. Rd3 Re7 31. f3 Rbe8 32. Kf1 Kg7 33. Re2 h5 34.
Ke1 g5 35. Nd1 Kg6 36. Ne3 Rb7 37. Nf5 Rd8 38. Nxd6 Rxd6 39. e5 Bxe5 40. Rxe5
f6 41. Re8 h4 42. Rde3 Rf7 43. g4 hxg3 44. hxg3 a5 45. Kf2 Rdd7 46. Rh8 Rd6 47.
g4 Rh7 48. Rxh7 Kxh7 49. Re6 Rxe6 50. dxe6 Kg6 51. Ke3 Kg7 52. Ke4 Kf8 53. Kd5
Ke7 54. Kc6 Kxe6 55. Kxb6 Ke5 56. Kxc5 Kf4 57. Kd6 Kxf3 58. c5 Kxg4 59. c6 f5
60. c7 f4 61. c8=Q+ Kg3 62. Qf5 g4 63. Qxa5 f3 64. Qc3 Kg2 65. Qc6 g3 66. a5
Kf2 67. Qc2+ Kg1 68. Qd1+ Kg2 69. a6 f2 70. a7 f1=Q 71. a8=Q+ Qf3 72. Qaxf3+
1-0

[Event "4NCL Division 3"]
[Site "Daventry Court ENG"]
[Date "2015.05.04"]
[Round "11.245"]
[White "Neatherway, A Philip"]
[Black "Liu, David"]
[Result "1/2-1/2"]
[WhiteElo "1873"]
[BlackElo "1720"]
[PlyCount "61"]
[EventDate "2015.05.04"]
[WhiteTeam "Oxford 3"]
[BlackTeam "Sussex Martlets 2"]

1. e4 e6 2. d4 d5 3. Nc3 Bb4 4. e5 c5 5. a3 Bxc3+ 6. bxc3 Qc7 7. Nf3 Ne7 8. h4
b6 9. h5 h6 10. Bd3 Ba6 11. O-O Bxd3 12. Qxd3 Nd7 13. Re1 Rc8 14. Ra2 cxd4 15.
cxd4 Qc4 16. Qxc4 Rxc4 17. Bd2 Nf5 18. c3 O-O 19. a4 Ne7 20. a5 Nc6 21. axb6
Nxb6 22. Rb1 Rc8 23. g4 Na4 24. Ra3 Rb8 25. Rxb8+ Nxb8 26. Kf1 Nc6 27. Ne1 Nb6
28. Nd3 Ra4 29. Rxa4 Nxa4 30. Ke2 Na5 31. Kd1 1/2-1/2

[Event "4NCL Division 3"]
[Site "Daventry Court ENG"]
[Date "2015.05.04"]
[Round "11.246"]
[White "Ahluwalia, Amardip"]
[Black "Cole, James"]
[Result "1/2-1/2"]
[WhiteElo "1713"]
[BlackElo "1855"]
[PlyCount "49"]
[EventDate "2015.05.04"]
[WhiteTeam "Sussex Martlets 2"]
[BlackTeam "Oxford 3"]

1. e4 c5 2. c3 Nf6 3. e5 Nd5 4. d4 cxd4 5. Qxd4 e6 6. Nf3 Nc6 7. Qe4 d6 8. Nbd2
dxe5 9. Nxe5 Nxe5 10. Qxe5 Qd6 11. Bb5+ Bd7 12. Bxd7+ Qxd7 13. Nf3 f6 14. Qe4
Bc5 15. O-O O-O 16. Re1 Rfe8 17. Bd2 a5 18. Rad1 Qc6 19. c4 Nb4 20. Qxc6 Nxc6
21. Bc3 Re7 22. Nd4 Nxd4 23. Bxd4 Bxd4 24. Rxd4 Ra6 25. Red1 1/2-1/2

[Event "4NCL Division 3"]
[Site "Daventry Court ENG"]
[Date "2015.05.04"]
[Round "11.99"]
[White "Idle, Oscar"]
[Black "Forster, Matthew"]
[Result "1-0"]
[WhiteElo "1795"]
[BlackElo "1644"]
[PlyCount "111"]
[EventDate "2015.05.04"]

1. e4 c5 2. Nf3 g6 3. d4 Bg7 4. Nc3 cxd4 5. Nxd4 Nc6 6. Be3 Nf6 7. Qd2 O-O 8.
f3 d5 9. Nxc6 bxc6 10. exd5 Nxd5 11. Nxd5 Qxd5 12. Qxd5 cxd5 13. O-O-O Be6 14.
c3 Rfc8 15. Kb1 a5 16. Bd4 Bxd4 17. Rxd4 Rab8 18. Kc2 Rc5 19. Bd3 Bd7 20. Re1
e6 21. Re2 f6 22. f4 Re8 23. Rd2 e5 24. fxe5 fxe5 25. Rxd5 Rxd5 26. Bc4 Bf5+
27. Kc1 Kg7 28. Bxd5 e4 29. Re2 e3 30. Bc4 a4 31. Bb5 Re4 32. Bd3 Rf4 33. Bxf5
gxf5 34. Kc2 Rf1 35. Rxe3 Rf2+ 36. Kc1 f4 37. Rf3 Rxg2 38. Rxf4 a3 39. bxa3
Rxa2 40. c4 Rxa3 41. Kb2 Re3 42. c5 Re2+ 43. Kb3 Rxh2 44. c6 Re2 45. Kc4 h5 46.
Kd5 h4 47. c7 Re8 48. Rxh4 Kf7 49. Re4 Ra8 50. Kd6 Ra6+ 51. Kd7 Ra1 52. Rf4+
Kg6 53. c8=Q Rd1+ 54. Ke7 Kg7 55. Rg4+ Kh6 56. Qh8# 1-0

[Event "4NCL Division 3"]
[Site "Daventry Court ENG"]
[Date "2015.05.04"]
[Round "11.248"]
[White "Woods, Timothy J"]
[Black "Cole, Graham L"]
[Result "0-1"]
[WhiteElo "1719"]
[BlackElo "1825"]
[PlyCount "56"]
[EventDate "2015.05.04"]
[WhiteTeam "Sussex Martlets 2"]
[BlackTeam "Oxford 3"]

1. e4 c5 2. Nf3 d6 3. d4 cxd4 4. Nxd4 Nf6 5. Nc3 g6 6. Be3 Bg7 7. f3 O-O 8. Qd2
Nc6 9. Bc4 Bd7 10. O-O-O Rb8 11. h4 b5 12. Bb3 Na5 13. h5 Nc4 14. Bxc4 bxc4 15.
hxg6 fxg6 16. Kb1 Qa5 17. Nd5 Qxd2 18. Rxd2 Nxd5 19. exd5 c3 20. Re2 Rxb2+ 21.
Ka1 Rb4 22. Nb3 Bb5 23. Ree1 Bc4 24. Bg5 Rf5 25. Bxe7 Rxd5 26. g4 Bxb3 27. axb3
Rxb3 28. cxb3 c2+ 0-1

[Event "4NCL Division 3"]
[Site "Daventry Court ENG"]
[Date "2015.05.04"]
[Round "11.249"]
[White "Gossiaux, Ryan P"]
[Black "Graham, Cassie M"]
[Result "0-1"]
[WhiteElo "1735"]
[BlackElo "1660"]
[PlyCount "66"]
[EventDate "2015.05.04"]
[WhiteTeam "Oxford 3"]
[BlackTeam "Sussex Martlets 2"]

1. e4 c5 2. Nf3 Nc6 3. d4 cxd4 4. Nxd4 Nf6 5. Nc3 d6 6. Bg5 e6 7. Qd2 Be7 8.
Ndb5 O-O 9. O-O-O h6 10. Bxf6 Bxf6 11. Qxd6 Qa5 12. Qa3 Qb6 13. f3 Be7 14. Qa4
Qe3+ 15. Kb1 a6 16. Nd4 Na7 17. Qc4 b5 18. Qe2 Qg5 19. Qd2 Qc5 20. Nb3 Qc7 21.
g3 Rd8 22. Qe1 Bb7 23. Bg2 Rac8 24. Qf2 Bc6 25. Rxd8+ Bxd8 26. Nd1 a5 27. Ne3
Bf6 28. f4 a4 29. Nc5 Bd4 30. Nd3 Qb6 31. Re1 b4 32. Nc1 Nb5 33. Ne2 Bxe3 0-1

[Event "4NCL Division 3"]
[Site "Daventry Court ENG"]
[Date "2015.05.04"]
[Round "11.250"]
[White "Dean, Michael J"]
[Black "Lim, Wei Xinq Sean"]
[Result "1/2-1/2"]
[WhiteElo "1551"]
[BlackElo "1775"]
[PlyCount "50"]
[EventDate "2015.05.04"]
[WhiteTeam "Sussex Martlets 2"]
[BlackTeam "Oxford 3"]

1. e4 e6 2. Nf3 d5 3. exd5 exd5 4. d4 Nf6 5. Bb5+ c6 6. Bd3 Bd6 7. Bg5 O-O 8.
O-O Bg4 9. Nbd2 Nbd7 10. c3 Qc7 11. Qc2 Rfe8 12. Rae1 Bh5 13. h3 Bg6 14. Bxg6
hxg6 15. Qb1 Nh5 16. Rxe8+ Rxe8 17. Re1 Qb8 18. Rxe8+ Qxe8 19. Qe1 Qxe1+ 20.
Nxe1 Nf4 21. Bxf4 Bxf4 22. Nef3 f5 23. g3 Bd6 24. Ng5 Nf6 25. Kf1 Kf8 1/2-1/2

[Event "4NCL Division 3"]
[Site "Daventry Court ENG"]
[Date "2015.05.04"]
[Round "11.255"]
[White "Csom, Etelka"]
[Black "Cresswell, Mike J"]
[Result "1/2-1/2"]
[WhiteElo "2056"]
[BlackElo "1760"]
[PlyCount "42"]
[EventDate "2015.05.04"]
[WhiteTeam "The Full Ponty"]
[BlackTeam "BCM Hippos [3]"]

1. e4 Nf6 2. e5 Nd5 3. d4 d6 4. Nf3 Bg4 5. Bc4 e6 6. O-O Nb6 7. Be2 dxe5 8.
dxe5 Qxd1 9. Rxd1 N8d7 10. Nc3 Be7 11. Nb5 O-O-O 12. Bf4 a6 13. Nbd4 h6 14. a4
Nb8 15. a5 Nd5 16. Bg3 Nb4 17. c3 N4c6 18. b4 Nxd4 19. Nxd4 Bxe2 20. Nxe2 Rxd1+
21. Rxd1 Rd8 1/2-1/2

[Event "4NCL Division 3"]
[Site "Daventry Court ENG"]
[Date "2015.05.04"]
[Round "11"]
[White "Grey, Nicholas D"]
[Black "Davies, Peter"]
[Result "1/2-1/2"]
[WhiteElo "1746"]
[BlackElo "1971"]
[PlyCount "33"]
[EventDate "2015.05.04"]
[WhiteTeam "BCM Hippos [3]"]
[BlackTeam "The Full Ponty"]

1. e4 c5 2. c3 Qa5 3. Nf3 d6 4. Na3 Nf6 5. Bb5+ Bd7 6. Bxd7+ Nbxd7 7. Qe2 g6 8.
O-O Bg7 9. d4 e5 10. dxe5 dxe5 11. Re1 O-O 12. Bg5 a6 13. Nc4 Qc7 14. Rad1 b5
15. Nd6 c4 16. Qd2 Qc5 17. Be3 1/2-1/2

[Event "4NCL Division 3"]
[Site "Daventry Court ENG"]
[Date "2015.05.04"]
[Round "11.1"]
[White "Perrett, David C"]
[Black "Cooke, Charlie"]
[Result "0-1"]
[WhiteElo "1953"]
[BlackElo "1755"]
[PlyCount "39"]
[EventDate "2015.05.04"]
[WhiteTeam "The Full Ponty"]
[BlackTeam "BCM Hippos [3]"]

1. d4 d5 2. c4 e6 3. Nc3 Nf6 4. Bg5 Be7 5. e3 O-O 6. Qc2 c6 7. Nf3 Nbd7 8. Bd3
h6 9. h4 dxc4 10. Bxc4 Nb6 11. Bd3 Nbd5 12. a3 Nxc3 13. bxc3 b6 14. Bxf6 Bxf6
15. g4 Bb7 16. g5 Be7 17. gxh6 gxh6 18. Ng5 hxg5 19. hxg5 c5 20. Ba6 0-1

[Event "4NCL Division 3"]
[Site "Daventry Court ENG"]
[Date "2015.05.04"]
[Round "11.3"]
[White "Thomas, Gary"]
[Black "Dhemrait, Surjit S"]
[Result "1-0"]
[WhiteElo "1805"]
[BlackElo "1645"]
[PlyCount "89"]
[EventDate "2015.05.04"]
[WhiteTeam "The Full Ponty"]
[BlackTeam "BCM Hippos [3]"]

1. d4 d5 2. Nf3 Bf5 3. e3 a6 4. Bd3 Bg6 5. O-O Nf6 6. b3 e6 7. Bb2 Nbd7 8. Nbd2
c5 9. Bxg6 hxg6 10. Ne5 Bd6 11. f4 cxd4 12. exd4 Qc7 13. Rc1 Rh5 14. c4 Qa5 15.
c5 Bxe5 16. fxe5 Ne4 17. Nxe4 dxe4 18. c6 bxc6 19. Rxc6 Qb5 20. Qc2 Qa5 21.
Qxe4 Rf5 22. Rxe6+ fxe6 23. Qxa8+ Kf7 24. Qc6 Rxf1+ 25. Kxf1 Qb5+ 26. Qxb5 axb5
27. Ba3 Nb6 28. Bc5 Nd5 29. a4 bxa4 30. bxa4 Nc7 31. Ke2 Ke8 32. Kd3 Kd7 33.
Bf8 Nd5 34. Bxg7 Nf4+ 35. Ke4 Nxg2 36. a5 Kc6 37. Bh6 Nh4 38. Bg5 Nf5 39. Bf6
Kb5 40. d5 exd5+ 41. Kxd5 Kxa5 42. e6 Kb6 43. e7 Nxe7+ 44. Bxe7 Kc7 45. Ke6 1-0

[Event "4NCL Division 3"]
[Site "Daventry Court ENG"]
[Date "2015.05.04"]
[Round "11.4"]
[White "Green, George"]
[Black "Gilbert, Colin"]
[Result "1/2-1/2"]
[WhiteElo "1508"]
[BlackElo "1752"]
[PlyCount "94"]
[EventDate "2015.05.04"]
[WhiteTeam "BCM Hippos [3]"]
[BlackTeam "The Full Ponty"]

1. Nf3 d5 2. d4 Nf6 3. c4 c6 4. e3 g6 5. Nc3 Bg7 6. Be2 O-O 7. O-O dxc4 8. Bxc4
Nbd7 9. Qc2 Nb6 10. Bd3 Be6 11. Rd1 Bg4 12. Be2 Nbd5 13. a3 Rc8 14. e4 Nc7 15.
Be3 Nd7 16. Rac1 f5 17. Ng5 Bxe2 18. Nxe2 e6 19. Qb3 Nb6 20. Nxe6 Nxe6 21. Nf4
Qe7 22. Qxe6+ Qxe6 23. Nxe6 Rfe8 24. Nxg7 Kxg7 25. exf5 gxf5 26. Re1 Nd5 27.
Bd2 Kf6 28. Rxe8 Rxe8 29. Re1 Rxe1+ 30. Bxe1 Nf4 31. Kf1 Ke6 32. g3 Ng6 33. Ke2
Kd5 34. Ke3 a6 35. Bc3 Kc4 36. h3 Ne7 37. Kf4 Nd5+ 38. Kxf5 Nxc3 39. bxc3 Kxc3
40. Ke5 b5 41. f4 a5 42. f5 b4 43. axb4 axb4 44. f6 b3 45. f7 b2 46. f8=Q b1=Q
47. Qc5+ Kd3 1/2-1/2

[Event "4NCL Division 3"]
[Site "Daventry Court ENG"]
[Date "2015.05.04"]
[Round "11.9"]
[White "Donaghay, Richard H"]
[Black "Dean, Robert A"]
[Result "1-0"]
[WhiteElo "1934"]
[BlackElo "1847"]
[PlyCount "47"]
[EventDate "2015.05.04"]
[WhiteTeam "Iceni 2"]
[BlackTeam "Bradford DCA Knights C"]

1. e4 e6 2. Qe2 Nf6 3. g3 d5 4. e5 Nfd7 5. Bg2 c5 6. f4 Nc6 7. Nf3 Be7 8. O-O
Qc7 9. c3 b6 10. d4 cxd4 11. Nxd4 Bc5 12. Be3 Bxd4 13. cxd4 Bb7 14. Nc3 a6 15.
f5 Ne7 16. Rac1 Qb8 17. fxe6 fxe6 18. Qg4 Nf5 19. Rxf5 exf5 20. Qxg7 Rf8 21. e6
Nf6 22. Bh6 Qd6 23. Qxb7 Rb8 24. Bxf8 1-0

[Event "4NCL Division 3"]
[Site "Daventry Court ENG"]
[Date "2015.05.04"]
[Round "11.10"]
[White "Bramson, Mike"]
[Black "Szymanski, Mark"]
[Result "1-0"]
[WhiteElo "1832"]
[BlackElo "1900"]
[PlyCount "127"]
[EventDate "2015.05.04"]

1. e4 c5 2. Nf3 d6 3. Nc3 Nf6 4. Bc4 Nc6 5. d3 g6 6. h3 Bg7 7. O-O O-O 8. a4 b6
9. Bg5 h6 10. Bf4 Bb7 11. Re1 e6 12. Qd2 Kh7 13. e5 dxe5 14. Nxe5 Nxe5 15. Bxe5
Nd5 16. Bxg7 Kxg7 17. Re5 Nxc3 18. Qxc3 Qd4 19. Qxd4 cxd4 20. Rae1 Rac8 21. a5
bxa5 22. Rxa5 a6 23. f4 Rc6 24. Kf2 Kf6 25. Ree5 Rfc8 26. g4 Ke7 27. Kg3 f6 28.
Re2 g5 29. fxg5 hxg5 30. Bd5 Rb6 31. Bxb7 Rxb7 32. Rxa6 e5 33. b3 Rbc7 34. Rf2
Rxc2 35. Rfxf6 R8c3 36. Rae6+ Kd7 37. Rxe5 Rxd3+ 38. Rf3 Rcc3 39. Rxd3 Rxd3+
40. Kg2 Kd6 41. Rxg5 Rxb3 42. h4 d3 43. Kf2 d2 44. Ke2 Rd3 45. Kd1 Ke6 46. h5
Kf6 47. Rf5+ Kg7 48. g5 Rd7 49. g6 Kh6 50. Rc5 Kg7 51. Rc8 Kf6 52. Rh8 Ra7 53.
Kxd2 Re7 54. Kd3 Ra7 55. Kc4 Re7 56. Kd4 Ra7 57. Rc8 Ra4+ 58. Rc4 Ra7 59. Ke4
Ra5 60. Rc6+ Kg7 61. Rc7+ Kf6 62. Rf7+ Ke6 63. h6 Rh5 64. h7 1-0

[Event "4NCL Division 3"]
[Site "Daventry Court ENG"]
[Date "2015.05.04"]
[Round "11.11"]
[White "Lightfoot, Malcolm J"]
[Black "Braham, Peter"]
[Result "1-0"]
[WhiteElo "1867"]
[BlackElo "1787"]
[PlyCount "41"]
[EventDate "2015.05.04"]
[WhiteTeam "Iceni 2"]
[BlackTeam "Bradford DCA Knights C"]

1. e4 c5 2. Nf3 e6 3. d4 cxd4 4. Nxd4 Nc6 5. Nb5 d6 6. c4 Nf6 7. N1c3 a6 8. Na3
g6 9. Be2 Bg7 10. O-O O-O 11. Bg5 Qc7 12. Qd2 b6 13. Rfd1 Rd8 14. Qf4 Qe7 15.
Nc2 Rb8 16. Ne3 Ne5 17. Qh4 Bb7 18. f4 Ned7 19. Ng4 e5 20. Rf1 h5 21. fxe5 1-0

[Event "4NCL Division 3"]
[Site "Daventry Court ENG"]
[Date "2015.05.04"]
[Round "11.19"]
[White "Armstrong, William G"]
[Black "Karia, Kamlesh"]
[Result "1-0"]
[WhiteElo "1854"]
[BlackElo "1660"]
[PlyCount "85"]
[EventDate "2015.05.04"]

1. d4 d5 2. Nf3 Nf6 3. e3 Bf5 4. Bd3 Bxd3 5. cxd3 e6 6. O-O c5 7. Nc3 cxd4 8.
Qa4+ Nbd7 9. exd4 Be7 10. Ne5 O-O 11. Bg5 Nxe5 12. dxe5 Nd7 13. Bxe7 Qxe7 14.
d4 a6 15. Qb3 b5 16. f4 f5 17. Rac1 Nb6 18. Nd1 Nc4 19. Qd3 Rac8 20. Rc2 Rc7
21. b3 Na3 22. Rxc7 Qxc7 23. Ne3 Rc8 24. Nxf5 Qd7 25. Nd6 Rf8 26. Qc3 Qa7 27.
Qc5 Qxc5 28. dxc5 b4 29. c6 Nb5 30. Nxb5 axb5 31. Rc1 Rc8 32. Kf2 Rc7 33. Ke3
Kf7 34. Kd4 Kg6 35. Kc5 Kf5 36. Kd6 Ra7 37. c7 Ra6+ 38. Rc6 Rxc6+ 39. Kxc6 Kxf4
40. c8=Q Kxe5 41. Qb8+ Ke4 42. Qxb5 d4 43. Qe2+ 1-0

[Event "4NCL Division 3"]
[Site "Daventry Court ENG"]
[Date "2015.05.04"]
[Round "11.20"]
[White "Balouka-Myers, Gabriel"]
[Black "Boswell, Jacob C"]
[Result "1-0"]
[WhiteElo "1705"]
[BlackElo "1757"]
[PlyCount "45"]
[EventDate "2015.05.04"]
[WhiteTeam "Barnet Knights 2"]
[BlackTeam "Cheddleton 3"]

1. Nf3 e6 2. d4 f5 3. g3 Nf6 4. Bg2 Be7 5. c4 O-O 6. O-O d5 7. Nc3 c6 8. a3
Nbd7 9. b4 Ne4 10. Bd2 Ndf6 11. e3 Nxd2 12. Qxd2 Ne4 13. Qb2 Bd7 14. Rfc1 Be8
15. b5 Rc8 16. Ne5 h5 17. bxc6 bxc6 18. c5 Qc7 19. Rab1 Nxc5 20. dxc5 Qxe5 21.
Nxd5 Bf6 22. Qxe5 Bxe5 23. Ne7+ 1-0

[Event "4NCL Division 3"]
[Site "Daventry Court ENG"]
[Date "2015.05.04"]
[Round "11.21"]
[White "Emmerton, Stephen J"]
[Black "Balouka-Myers, Reuben"]
[Result "1-0"]
[WhiteElo "1645"]
[BlackElo "1667"]
[PlyCount "47"]
[EventDate "2015.05.04"]
[WhiteTeam "Cheddleton 3"]
[BlackTeam "Barnet Knights 2"]

1. e4 e6 2. d4 d5 3. exd5 exd5 4. Bf4 Bf5 5. Nf3 Bd6 6. Bxd6 Qxd6 7. Be2 Nd7 8.
Nbd2 O-O-O 9. O-O f6 10. c4 Ne7 11. c5 Qe6 12. Re1 Qf7 13. Qa4 Kb8 14. b4 c6
15. b5 cxb5 16. Bxb5 Rc8 17. Bxd7 Bxd7 18. Qxd7 Rc7 19. Qe6 Qg6 20. Nh4 Qg5 21.
Ndf3 Qg4 22. g3 Qh3 23. Qd6 Re8 24. Nf5 1-0

[Event "4NCL Division 3"]
[Site "Daventry Court ENG"]
[Date "2015.05.04"]
[Round "11.22"]
[White "Lewis, Tim"]
[Black "Cartlidge, Jacob D"]
[Result "0-1"]
[WhiteElo "1600"]
[BlackElo "1675"]
[PlyCount "72"]
[EventDate "2015.05.04"]
[WhiteTeam "Barnet Knights 2"]
[BlackTeam "Cheddleton 3"]

1. e4 e5 2. Nf3 Nc6 3. Bc4 Nf6 4. d3 d5 5. exd5 Nxd5 6. Nxe5 Nxe5 7. Qe2 Qd6 8.
d4 Bg4 9. Qxe5+ Qxe5+ 10. dxe5 O-O-O 11. h3 Bh5 12. O-O Nb4 13. Bb3 Bg6 14. Na3
Bc5 15. Bg5 Rde8 16. Rfe1 Nc6 17. e6 f6 18. Bf4 a6 19. Nc4 Nd4 20. c3 Nc2 21.
Rad1 Nxe1 22. Rd7 Re7 23. Nb6+ cxb6 24. Bd5 Rxd7 25. exd7+ Kxd7 26. b4 Nd3 27.
Bg3 Bd6 28. Bh4 Re8 29. f3 Nf4 30. Bxb7 Kc7 31. Bxa6 Bd3 32. c4 Re2 33. Bb5
Rxg2+ 34. Kh1 Bf1 35. a3 Nxh3 36. c5 Rg1# 0-1

[Event "4NCL Division 3"]
[Site "Daventry Court ENG"]
[Date "2015.05.04"]
[Round "11.23"]
[White "Beardmore, Samuel G"]
[Black "Willmoth, Harrison"]
[Result "1/2-1/2"]
[WhiteElo "1478"]
[BlackElo "1592"]
[PlyCount "173"]
[EventDate "2015.05.04"]

1. e4 d6 2. d4 Nf6 3. Nc3 c6 4. Nf3 Bg4 5. h3 Bh5 6. Be2 e6 7. O-O Be7 8. Bf4
d5 9. e5 Nfd7 10. a3 O-O 11. Nd2 Bxe2 12. Qxe2 a6 13. Qg4 Kh8 14. Qe2 c5 15.
Nf3 Nc6 16. dxc5 Nxc5 17. b4 Nd7 18. Qd3 b5 19. Rfe1 Re8 20. Qd2 f5 21. exf6
Bxf6 22. Bg5 Nf8 23. Bxf6 Qxf6 24. Re2 Re7 25. Rae1 Rae8 26. Ne5 Nxe5 27. Rxe5
Ng6 28. Rg5 h6 29. Rg4 Ne5 30. Rf4 Nc4 31. Rxf6 Nxd2 32. Rg6 Nc4 33. a4 Kh7 34.
Rg3 d4 35. Ne2 e5 36. axb5 axb5 37. c3 g5 38. Rc1 dxc3 39. Nxc3 Rb7 40. Nxb5
Rxb5 41. Rxc4 Reb8 42. Re3 Rxb4 43. Rxb4 Rxb4 44. Rxe5 Kg6 45. Re6+ Kg7 46. Kh2
h5 47. Re3 Kf6 48. Kg3 Rd4 49. Re8 Kg7 50. f3 h4+ 51. Kh2 Rd2 52. Re4 Kf6 53.
Rc4 Kf5 54. Rg4 Rc2 55. Re4 Kg6 56. Kg1 Rc1+ 57. Kf2 Rc2+ 58. Re2 Rxe2+ 59.
Kxe2 Kf5 60. Ke3 Ke5 61. Kf2 Kf4 62. g3+ hxg3+ 63. Kg2 Kf5 64. Kxg3 Kf6 65. Kf2
Kf5 66. Ke3 Ke5 67. Kf2 Kf4 68. Kg2 Kf5 69. Kg3 Kf6 70. Kg4 Kg6 71. h4 gxh4 72.
Kxh4 Kf5 73. Kg3 Kg5 74. f4+ Kf6 75. Kf3 Kf5 76. Ke3 Kf6 77. Ke4 Ke6 78. f5+
Kf6 79. Kf4 Kf7 80. Kg5 Kg7 81. f6+ Kf8 82. Kf5 Kf7 83. Kg5 Kf8 84. Kg6 Kg8 85.
Kf5 Kf7 86. Ke5 Kf8 87. Ke6 1/2-1/2

[Event "4NCL Division 3"]
[Site "Daventry Court ENG"]
[Date "2015.05.04"]
[Round "11.24"]
[White "Karia, Devin"]
[Black "Boswell, Michael A"]
[Result "1-0"]
[WhiteElo "1540"]
[BlackElo "992"]
[PlyCount "145"]
[EventDate "2015.05.04"]

1. d4 g6 2. Nf3 Bg7 3. Bf4 e6 4. e3 Ne7 5. c4 O-O 6. Nc3 Na6 7. Be2 c6 8. O-O
Nc7 9. Rc1 Rb8 10. h3 a6 11. a4 d5 12. c5 b5 13. a5 b4 14. Na4 Rb7 15. Nb6 Nb5
16. Bxb5 axb5 17. Bd6 Bd7 18. Ra1 Re8 19. Qb3 Nc8 20. a6 Ra7 21. Bb8 Nxb6 22.
Bxa7 Nc4 23. Qxb4 Qc7 24. Bb6 Nxb6 25. cxb6 Qxb6 26. Qa5 Qa7 27. Nd2 Bf8 28.
Nb3 Ra8 29. Rfc1 Bd6 30. Ra2 Bc7 31. Qc3 Qb8 32. Nc5 Be8 33. Rca1 Ra7 34. b4
Bb6 35. Ra3 Qd6 36. Nb7 Qb8 37. Na5 Qd6 38. Nb3 Bc7 39. g3 Bd7 40. Qc5 Bb8 41.
Qxd6 Bxd6 42. Nc5 Bc8 43. Kf1 Be7 44. Ke2 Kg7 45. Kd3 Kf6 46. e4 Kg7 47. e5 Kh6
48. Ke2 Bg5 49. f4 Be7 50. h4 Kh5 51. Kf3 Bd8 52. g4+ Kh6 53. Kg2 Be7 54. Rc3
Bf8 55. Nd3 Bd7 56. Rb3 Be7 57. Nf2 Bd8 58. g5+ Kg7 59. Ng4 Bb6 60. Rd3 Bd8 61.
Rda3 Be7 62. Rb1 Bd8 63. Kf3 Bb6 64. Ke3 Bd8 65. Kd3 Bb6 66. Nf6 Bc8 67. Rc1
Rxa6 68. Rxa6 Bxa6 69. Rxc6 Bxd4 70. Kxd4 Bb7 71. Rb6 h6 72. Rxb7 hxg5 73. hxg5
1-0

[Event "4NCL Division 3"]
[Site "Daventry Court ENG"]
[Date "2015.05.04"]
[Round "11.29"]
[White "Turvey, Steven S"]
[Black "Anilkumar, Anantha P (jnr)"]
[Result "1/2-1/2"]
[WhiteElo "1801"]
[BlackElo "1967"]
[PlyCount "45"]
[EventDate "2015.05.04"]

1. e4 c5 2. Nf3 d6 3. d4 cxd4 4. Nxd4 Nf6 5. Nc3 g6 6. Be2 Bg7 7. Be3 Nc6 8.
O-O O-O 9. h3 Bd7 10. Qd2 Qa5 11. Nb3 Qd8 12. f4 Re8 13. Rad1 Be6 14. f5 Bxb3
15. cxb3 Qa5 16. Bh6 Nd4 17. Bxg7 Nxe2+ 18. Qxe2 Kxg7 19. Qe3 Qc5 20. Rf3 b5
21. g4 b4 22. Nd5 Qc2 23. Qd4 1/2-1/2

[Event "4NCL Division 3"]
[Site "Daventry Court ENG"]
[Date "2015.05.04"]
[Round "11.30"]
[White "Hand, Freddie"]
[Black "Levens, David G"]
[Result "1-0"]
[WhiteElo "1837"]
[BlackElo "1855"]
[PlyCount "67"]
[EventDate "2015.05.04"]

1. d4 Nf6 2. c4 g6 3. f3 Bg7 4. e4 d6 5. Nc3 O-O 6. Be3 Nbd7 7. Nge2 c5 8. d5
Ne5 9. Ng3 a6 10. Be2 Bd7 11. h3 b5 12. cxb5 axb5 13. O-O Qb6 14. b4 h5 15. Rb1
Ra3 16. Qc1 Rfa8 17. bxc5 dxc5 18. f4 Rxc3 19. Qxc3 Nxe4 20. Qe1 Nxg3 21. Qxg3
Rxa2 22. Rfe1 h4 23. Qxh4 Ra4 24. Qxe7 Bf6 25. Qxc5 Qxc5 26. Bxc5 Rxf4 27. Bxb5
Bxb5 28. Rxb5 Nd3 29. Rf1 Rc4 30. Rxf6 Nxc5 31. Rc6 Rc1+ 32. Kh2 Nd3 33. Rxc1
Nxc1 34. d6 1-0

[Event "4NCL Division 3"]
[Site "Daventry Court ENG"]
[Date "2015.05.04"]
[Round "11.31"]
[White "Bingham, James T"]
[Black "Mao, Ximan"]
[Result "1/2-1/2"]
[WhiteElo "1795"]
[BlackElo "1695"]
[PlyCount "84"]
[EventDate "2015.05.04"]

1. d4 Nf6 2. g3 g6 3. Nf3 c5 4. Bg2 Bg7 5. d5 d6 6. O-O Nbd7 7. Nc3 a6 8. a4
O-O 9. a5 b6 10. axb6 Nxb6 11. Re1 Bb7 12. e4 Re8 13. Bg5 h6 14. Bf4 Nh5 15.
Nd2 Nxf4 16. gxf4 Qd7 17. Qf3 Bc8 18. e5 dxe5 19. fxe5 Qf5 20. Re2 Qxf3 21.
Bxf3 Bb7 22. Nb3 Red8 23. Nxc5 Bxd5 24. Kg2 Bxf3+ 25. Kxf3 Nc4 26. Nd3 e6 27.
b3 Nb6 28. Ra5 Rdc8 29. Ne4 Nd5 30. c4 Ne7 31. Nd6 Rd8 32. c5 Nc6 33. Ra4 Rdb8
34. b4 Nd4+ 35. Ke3 Nxe2 36. Kxe2 Bf8 37. Ke3 Kg7 38. Kd4 f6 39. exf6+ Kxf6 40.
Ne5 Bxd6 41. cxd6 Rb5 42. Nd7+ Kf7 1/2-1/2

[Event "4NCL Division 3"]
[Site "Daventry Court ENG"]
[Date "2015.05.04"]
[Round "11.32"]
[White "Green, Emily"]
[Black "Homolka, Vincent O"]
[Result "0-1"]
[WhiteElo "1637"]
[BlackElo "1812"]
[PlyCount "100"]
[EventDate "2015.05.04"]

1. e4 d5 2. exd5 Qxd5 3. Nc3 Qa5 4. d4 Nf6 5. Nf3 c6 6. Bc4 Bf5 7. Bd2 e6 8.
Ne4 Qd8 9. Nxf6+ gxf6 10. Bb3 Nd7 11. Qe2 Qc7 12. Nh4 Bg6 13. O-O-O O-O-O 14.
g3 Bg7 15. f4 f5 16. Bc3 Rhe8 17. Rhe1 Nf6 18. Nxg6 hxg6 19. Qe5 Bh8 20. Qxc7+
Kxc7 21. Bc4 Ne4 22. Re3 Rd7 23. Be2 Red8 24. Bf3 Bxd4 25. Bxd4 Rxd4 26. Red3
Rxd3 27. Rxd3 Rxd3 28. cxd3 Nf6 29. Kd2 Nd5 30. Bxd5 cxd5 31. d4 Kd6 32. h3 f6
33. g4 fxg4 34. hxg4 g5 35. fxg5 fxg5 36. Kd3 e5 37. Ke3 e4 38. Kd2 Kc6 39. b3
Kb5 40. a3 a5 41. Kc3 a4 42. b4 b6 43. Kd2 Kc4 44. Ke3 b5 45. Kd2 Kb3 46. Kc1
Kxa3 47. Kc2 Kxb4 48. Kb2 e3 49. Kc2 Kc4 50. Kd1 a3 0-1

[Event "4NCL Division 3"]
[Site "Daventry Court ENG"]
[Date "2015.05.04"]
[Round "11.33"]
[White "Milson, Neil"]
[Black "Anilkumar, Anantha P P (snr)"]
[Result "1-0"]
[WhiteElo "1720"]
[BlackElo "1334"]
[PlyCount "49"]
[EventDate "2015.05.04"]
[WhiteTeam "e2e4.org.uk 5"]
[BlackTeam "KJCA Knights"]

1. d4 Nf6 2. Nf3 g6 3. Nc3 d5 4. Bf4 Bg7 5. h4 Nh5 6. Be3 Nc6 7. Qd2 Bg4 8. Nh2
Nf6 9. f3 Be6 10. g4 h5 11. g5 Nd7 12. f4 Nb6 13. b3 Qd7 14. Nf3 Bf5 15. a3 a5
16. Ne5 Nxe5 17. dxe5 O-O-O 18. Bd4 Be4 19. Rh2 Na8 20. e6 Qxe6 21. Bxg7 Rhg8
22. Bd4 Nb6 23. Nb5 Nd7 24. Qxa5 Qc6 25. Na7+ 1-0